NRL Supercoach 2022 Top Points Scorers for Each Team - Statistics

General Stats
  • This quiz has been taken 21 times
  • The average score is 26 of 48
Answer Stats
Team Player Points Scored % Correct
Adam Reynolds 1209
100%
Cronulla-Sutherland Sharks Nicholas Hynes 1973
92%
Brisbane Broncos Payne Haas 1259
92%
Melbourne Storm Cameron Munster 1693
85%
Matt Burton 1356
85%
Reece Walsh 1160
85%
Penrith Panthers Dylan Edwards 1466
77%
Scott Drinkwater 1419
77%
AJ Brimson 1409
69%
Angus Crichton 1590
69%
Daly Cherry-Evans 1449
69%
Dylan Brown 1782
69%
Jahrome Hughes 1372
69%
Sydney Roosters James Tedesco 1828
69%
Joseph Manu 1752
69%
Valentine Holmes 1515
69%
St. George Illawarra Dragons Zac Lomax 1446
69%
Ben Hunt 1280
62%
Damien Cook 1503
62%
Harry Grant 1552
62%
Parramatta Eels Isaiah Papali'i 1897
62%
Canberra Raiders Joseph Tapine 1529
62%
Josh Papali'i 1350
62%
Viliame Kikau 1436
62%
Clint Gutherson 1636
54%
Tino Faasuamaleaui 1473
54%
Addin Fonua-Blake 1098
46%
Alex Johnston 1559
46%
Blayke Brailey 1409
46%
Hudson Young 1472
46%
Canterbury-Bankstown Bulldogs Jeremy Marshall-King 1393
46%
Max King 1232
46%
North Queensland Cowboys Reece Robson 1547
46%
Manly-Warringah Sea Eagles Reuben Garrick 1482
46%
Apisai Koroisau 1393
38%
Haumole Olakauatu 1362
38%
Jack de Belin 1306
38%
South Sydney Rabbitohs Keaon Koloamatangi 1599
38%
Newcastle Knights Tyson Frizell 1204
38%
Gold Coast Titans Beau Fermor 1504
31%
Corey Oates 1247
31%
Dane Gagai 1121
31%
David Klemmer 1151
31%
Briton Nikora 1360
23%
James Tamou 911
15%
New Zealand Warriors Euan Aitken 1168
8%
Wests Tigers Joe Ofahengaue 1469
8%
Zane Musgrove 928
8%
No matching quizzes found
Score Distribution
Percent of People with Each Score
Percentile by Number Answered
Your Score History
You have not taken this quiz